| 000 | 01185nam a22002297a 4500 | ||
|---|---|---|---|
| 003 | DO-SdBNP | ||
| 005 | 20171130103418.0 | ||
| 008 | 171109b 1983 sp ||||| |||| 00| 0 spa d | ||
| 020 | _a8475251226 | ||
| 040 |
_aBPMSU _bspa _cBPMSU |
||
| 092 |
_axxxx _bxxxx |
||
| 100 | 1 | _aAldecoa, Josefina R. | |
| 245 | 0 | 0 |
_aLos Niños de la guerra / _cselección, prólogo, semblanzas, biografías y comentarios, Josefina R. Aldecoa ; ilustración, Taller de Diseño. |
| 260 |
_aMadrid : _bEdiciones Generales Anaya, _c1983. |
||
| 300 |
_a255 p. : _bil. ; _c20 cm. |
||
| 490 | 1 |
_aTus libros _v30 |
|
| 505 | 0 |
_tEl primo Rafael / _rJesús Fernández Santos -- _tEl cuarto de atrás / _rCarmen Martín Gaite -- _tAlfanhuí / _rRafael Sánchez Ferlosio -- _tCassette / _rRafael Azcona -- _tAsi era entonces / _rJuan Benet -- _tCarne de chocolate / _rJuan Garcia Hortelano -- _tEl retrato / _rMedardo Fraile -- _tDos días de septiembre / _rJosé Manuel Caballero Bonald -- _tCuaderno para cuentas / _r Ana Maria Matute -- _tPatio de armas / _r Ignacio Aldecoa. |
|
| 830 | 0 |
_aTus libros _v30 |
|
| 942 |
_2ddc _cBK |
||
| 945 | _aInventariado extranjero /2017 BT | ||
| 956 |
_aLOPEREZ _b10 _c20171109 _d0041 |
||
| 999 |
_c12833 _d12833 |
||